[Event "Mephisto Cup (40/120')"]
[Site "?"]
[Date "2012.??.??"]
[Round "9"]
[White "Mephisto ARM2, RISC 2.0."]
[Black "Mephisto 68030, London"]
[Result "0-1"]
[WhiteElo "2241"]
[BlackElo "2270"]
[Annotator "xchessg"]
[PlyCount "170"]
[SourceDate "2009.11.09"]

{Agressiv} 1. e4 c5 {Stil Riskant; RF 0.25; Bauer 70%, Figuren 80%} 2. Nf3 e6
3. d4 cxd4 4. Nxd4 Nf6 5. Nc3 d6 6. Be2 a6 7. O-O Be7 8. f4 O-O 9. Be3 Qc7 10.
Kh1 Nc6 11. Qe1 Nxd4 12. Bxd4 b5 13. a3 Bb7 14. Qg3 Bc6 15. Rae1 Qb7 16. Bd3 a5
17. e5 $1 {[%eval 31,0] *Normalbuch;} (17. Qh3 g6 (17... h6 18. Rf3 b4 19. Rg3
Kh8 20. e5 dxe5 21. fxe5 Nh7 22. Ne4 Rad8 23. Nd6 Bxd6 24. exd6 f6 25. Rxe6 Rc8
26. Qf5 g5 27. Rxf6 Nxf6 28. Bxf6+ Rxf6 29. Qxf6+ Qg7 30. Qxg7+ Kxg7 31. h4
bxa3 32. bxa3 Kf6 33. hxg5+ hxg5 34. Kg1 Rd8 35. Kf2 Rxd6 36. Ke3 Bb7 37. c4
Rb6 38. Rh3 Rb3 39. g3 Rxa3 40. Kd4 Rb3 41. Rh6+ Kf7 42. c5 Rb4+ 43. Ke5 a4 44.
c6 Bc8 45. Rh7+ Kg8 46. Ra7 Bh3 47. Kf6 Rb8 48. Rg7+ Kf8 49. Bc4 {1-0 Barle,
J-Susnik,M/Ljubljana 2002/CBM 088 ext (49)}) 18. Re3 b4 19. Nd1 Bb5 20. Nf2
Bxd3 21. cxd3 e5 22. fxe5 dxe5 23. Bxe5 Qb5 24. Bxf6 Bxf6 25. Ng4 Bxb2 26. e5
f5 27. exf6 bxa3 28. Nh6+ Kh8 29. Qe6 Qe8 30. Qd5 Rxf6 31. Rxf6 Bxf6 32. Rxe8+
Rxe8 33. g4 Kg7 34. Qf7+ Kxh6 35. Qxe8 {1-0 Hjelm,N-Cramling,D/Stockholm 1992/
TD (35)}) (17. Re2 b4 18. Nd1 Rad8 19. Nf2 Nh5 20. Qf3 Nxf4 21. Qxf4 e5 22.
Bxe5 dxe5 23. Qxe5 bxa3 24. bxa3 f5 25. Rg1 Rde8 26. Qc3 Bh4 27. e5 Kh8 28.
Qxa5 f4 29. Be4 f3 30. gxf3 Bxf2 31. Bxc6 Qxc6 32. Rxf2 Rxf3 33. Rfg2 {1/2-1/2
Kozamernik,J-Susnik,M/Slovenia 2002/EXT 2005 (33)}) (17. Nd1 b4 (17... d5 18.
exd5 Bxd5 19. Ne3 Bc6 20. f5 Rad8 21. Be5 Kh8 22. Qh4 exf5 23. Bxf5 h6 24. Bd3
Ng8 25. Qg4 Bg5 26. h4 f6 27. hxg5 fxe5 28. Nf5 e4 29. Bxe4 Bxe4 30. Rxe4 Rd2
31. Rfe1 Qd7 32. Re6 Rxc2 33. gxh6 g6 34. Qxg6 Qh7 35. Qg7+ Qxg7 36. hxg7+ {
1-0 Perpinya Rofes,L-Lymar,I/Balaguer 2007/CBM 119 ext (36)}) 18. Nf2 Bb5 19.
Ng4 Ne8 20. f5 e5 21. f6 Nxf6 22. Rxf6 Kh8 23. Bxb5 gxf6 24. Bc4 exd4 25. Bd5
Qd7 26. Bxa8 Rxa8 27. Nh6 Qe6 28. Nf5 Rg8 29. Qf2 Rg4 30. Nxd4 Qe5 31. Nc6 Qe6
32. axb4 axb4 33. Nd4 Qe5 34. Qe2 Rg6 35. Nc6 Qe6 36. Nxb4 d5 37. Nxd5 Bd6 38.
Qh5 Kg7 39. Ne3 Rg5 40. Qh4 Kh8 41. Nf5 Qe5 42. Nxd6 Qxd6 43. Qf2 Qe5 44. c3
Rh5 45. g3 Rg5 46. Qf4 Qe6 47. Rd1 Rg4 48. Rd6 {1-0 Aveskulov,V-Chulivska,V/
Alushta 2005/CBM 105 ext (48)}) 17... Nh5 {[%eval 0,0] *Turnierbuch, Modern;} (
17... dxe5 18. Bxe5 (18. fxe5 Nh5 19. Qg4 (19. Qh3 g6 20. Ne4 Rad8 21. c3 b4
22. Nf6+ Bxf6 23. exf6 bxa3 24. bxa3 Qb2 25. Be4 Bxe4 26. Rxe4 Qc2 27. Ree1 Qd2
28. Qf3 Rfe8 29. g4 e5 30. Be3 Qxc3 31. gxh5 Qxa3 32. hxg6 hxg6 33. Rg1 Qb3 34.
Rg2 Re6 35. Rxg6+ fxg6 36. f7+ {1-0 Dembo,Y-Schoepf,A/Budapest 2003/CBM 094
ext (36)}) 19... g6 20. Ne4 Rfd8 21. c3 b4 22. Rf3 Ng7 23. Qf4 Nf5 24. Ref1 h5
25. R3f2 Bb5 26. Nf6+ Bxf6 27. Bxf5 Bg7 28. Be4 Qd7 29. Bxa8 Bxf1 30. Rxf1 Rxa8
31. axb4 axb4 32. cxb4 Qb7 33. Bc3 Rd8 34. h3 Rd3 35. Rf3 Rd1+ 36. Kh2 Rd5 37.
Re3 Kh7 38. Re4 Kg8 39. Rc4 Bf8 40. Rd4 Bg7 41. Rxd5 Qxd5 42. Qd4 Qb5 43. Qf4
Qe2 44. Kg3 Bf8 45. Kh2 Bg7 46. Kg1 Qb5 47. Kf2 Bf8 48. Qd4 Qa4 49. Kf3 Be7 50.
Qd3 Qa8+ 51. Qe4 Qa6 52. Kf2 Kg7 53. Ke1 Qa1+ 54. Ke2 Qa6+ 55. Kd2 Bg5+ 56. Kc2
Qa4+ 57. b3 Qa2+ 58. Bb2 Qa6 59. Kb1 Qf1+ 60. Ka2 Qa6+ 61. Kb1 Qf1+ {1/2-1/2
Lau,R-Van den Doel,E/Dresden 1995/EXT 97 (61)}) 18... Nh5 19. Qh3 g6 20. f5
exf5 21. Bxf5 gxf5 22. Qxh5 Bxg2+ 23. Kg1 Bxf1 24. Kxf1 Qh1+ 25. Ke2 Qg2+ 26.
Ke3 {0-1 Sikora Gizynska,B-Pilarska,C/Bydgoszcz 1990/EXT 97 (26)}) 18. Qg4 {
nach 12' brudeln} g6 {a tempo} 19. Ne4 (19. exd6 $142 Bxd6 20. f5 exf5 21. Rxf5
Ng7 (21... Bxg2+ 22. Kg1) 22. Ne4 $1 $16 {[%emt 0:00:10] Junior}) 19... Rfd8 $6
{nach 3' grubeln} (19... Bxe4 $142 20. Bxe4 d5 $14) 20. exd6 {[%eval 43,0]}
Bxd6 {[%eval 3,0] a tempo;} 21. f5 $2 (21. Nxd6 Rxd6 22. Be5 $16 {[%emt 0:00:
10] Junior}) 21... exf5 {a tempo} 22. Rxf5 Be7 $8 23. Bc3 b4 24. axb4 $6 (24.
Bc4 $5 bxc3 25. Rxf7 Bd5 26. Bxd5 Qxd5 (26... Rxd5 27. Qe6) 27. Rxe7 cxb2 28.
Nc3 $15) (24. Rxf7 $5 Kxf7 25. Bc4+ Ke8 26. Qxh5 Bxe4 (26... gxh5 27. Nf6+ Kf8
28. Nxh7+ Ke8 29. Nf6+ {remis!}) 27. Bb5+ Bc6 28. Bxc6+ Qxc6 29. Qxh7 $13) (24.
Nf6+ $142 Bxf6 25. Bxf6 Nxf6 26. Rxf6 $11) 24... axb4 {a tempo} 25. Rxh5 $2 {
[%eval -3,0]} (25. Nf6+ Bxf6 26. Bxf6 Bxg2+ 27. Qxg2 Qxg2+ 28. Kxg2 Rxd3 29.
Ra5 Rd2+ 30. Kf3 Rc8 31. Rc5 Rdd8 32. Rxh5 gxh5 33. Bxd8 Rxd8 $11) 25... bxc3
26. bxc3 {a tempo} Ra4 27. c4 Rd4 $2 {a tempo! Das Ponderhintphaenomen. Und
sagen dass in dieser Partiefase der London um 1 Stunde mehr auf das Uhr haette
als der RISC!} (27... Qa8 $19 {[%emt 0:00:10] Junior}) 28. Re5 $8 Ra8 $15 29.
h3 Rf8 30. Qe2 {[%eval 1,0]} f5 {[%eval 81,0]} 31. Nc5 {a tempo} Bxc5 32. Rxc5
{a tempo} Re8 33. Qxe8+ $2 {nach nur 33" ueberlegung, mit ein halbstunde fuer
7 Zugen...} (33. Re5 Rxe5 (33... Rdd8 $142 34. Re6) 34. Qxe5 Bxg2+ 35. Kh2 Rd8
36. Bxf5 $1 $16) 33... Bxe8 {[%eval 63,0]} 34. Rxe8+ Kf7 35. Rcc8 {[%eval 12,0]
} Rh4 {[%eval 81,0]} 36. Kg1 (36. Kh2 $5) 36... Qd7 37. Rf8+ Kg7 38. Rg8+ Kh6
39. Ra8 Qd6 {a tempo; Nach ca. 1' reklamierte der RISC mit ein Tonsignal TIME
KONTROL: I LOSE} 40. Kh1 {[%eval 0,0]} Qg3 {[%eval 100,0] und hier abgebrochen}
41. Rge8 {[%eval -34,0]} Rf4 {[%eval 104,0]} 42. Ra1 Rf2 {a tempo} 43. Bf1 Rxc2
44. Be2 Qf2 45. Rf1 {[%eval -70,0]} Qd4 {[%eval 109,0] a tempo;} 46. Rb1 Kg7
47. Bf1 Kf6 48. Rf8+ Kg5 {a tempo} 49. Re8 Qf2 50. Rd8 {[%eval -92,0]} h5 {
[%eval 136,0]} 51. Rbd1 {a tempo} h4 52. R8d5 Kf6 53. Rd6+ Kg7 54. R6d3 Rb2 55.
Rf3 {[%eval -41,0]} Qc5 {[%eval 112,0]} 56. Rfd3 Qe5 57. Rd5 Qe3 58. R5d3 Qf4 {
a tempo} 59. Rd7+ Kh6 60. Rd8 Qf2 61. Rh8+ {[%eval -71,0]} Kg5 {[%eval 133,0]}
62. Rhd8 Qf4 {a tempo} 63. R8d4 Qe5 {a tempo} 64. Rd5 Qe4 65. R5d3 {[%eval -52,
0]} Ra2 {[%eval 142,0]} 66. Rd5 Qc2 67. Re1 Qf2 68. Red1 Kh6 {a tempo} 69. R5d3
Qc2 70. Rd4 {[%eval -59,0]} f4 {[%eval 157,0]} 71. c5 {[%eval -107,0] a tempo;}
Qf2 72. c6 {a tempo} f3 73. Rg4 {a tempo} Rc2 74. Ra1 g5 {a tempo} 75. c7 {
[%eval -118,0]} Rxc7 {[%eval 196,0]} 76. gxf3 Qxf3+ 77. Bg2 {a tempo} Qe3 78.
Rga4 Rc1+ 79. Rxc1 Qxc1+ {a tempo} 80. Kh2 {[%eval -156,0]} Qd2 {[%eval 163,0]}
81. Rc4 Kg6 82. Re4 Kf6 83. Kg1 Qc3 84. Kf2 Qb2+ 85. Kf1 {[%eval -153,0]} Qa3 {
[%eval 172,0]} 0-1

[Event "Mephisto Cup (40/120')"]
[Site "?"]
[Date "2012.??.??"]
[Round "10"]
[White "Mephisto 68030, London"]
[Black "Mephisto ARM2, RISC 2.0."]
[Result "1/2-1/2"]
[WhiteElo "2270"]
[BlackElo "2241"]
[Annotator "xchessg"]
[PlyCount "115"]
[SourceDate "2009.11.09"]

{Stil Aktiv, RF} 1. e4 e5 {Agressiv} 2. Nf3 Nf6 3. Nxe5 d6 4. Nf3 Nxe4 5. d4 d5
6. Bd3 Bd6 7. O-O O-O 8. c4 c6 9. Qc2 Na6 10. a3 Bg4 11. Ne5 Bxe5 12. dxe5 Nac5
13. f3 Nxd3 14. Qxd3 Nc5 15. Qd4 Nb3 16. Qxg4 Nxa1 17. Bh6 g6 18. Bxf8 Qxf8 {
*Grossbuch} 19. b4 {*Turnierbuch normal} Nc2 20. Qd7 Ne3 21. Re1 Nxc4 22. Qxb7
Qc8 23. Qe7 Qd8 24. Qxd8+ Rxd8 25. e6 Re8 26. exf7+ Kxf7 27. Rxe8 Kxe8 28. Kf2
Kd7 29. Ke2 Ke6 30. Kd3 Ke5 31. g3 g5 32. Kc3 h5 33. Kd3 h4 34. Kc3 a6 35. Kd3
h3 36. Nc3 Nxa3 37. Ne2 Nc4 38. Ng1 Kf5 39. Nxh3 a5 40. bxa5 Nxa5 41. f4 g4 42.
Nf2 c5 43. Kc3 Nb7 44. Nd3 Ke4 45. Ne5 Nd6 46. Nxg4 d4+ 47. Kd2 c4 48. Ne5 Kd5
49. Nf3 Nf5 50. Ke2 Ne3 51. h3 c3 52. Ne5 Nc4 53. Nd3 Nb2 54. f5 Kc4 55. Ne5+
Kd5 56. Nd3 Kc4 57. Ne5+ Kd5 58. Nd3 1/2-1/2

[Event "Mephisto Cup (40/120')"]
[Site "?"]
[Date "2012.??.??"]
[Round "1"]
[White "Mephisto ARM2, RISC 2.0."]
[Black "Mephisto ARM6, Montreux"]
[Result "1/2-1/2"]
[WhiteElo "2241"]
[BlackElo "2250"]
[Annotator "xchessg"]
[PlyCount "133"]
[SourceDate "2009.11.09"]

1. e4 e5 {Aktiv} 2. Nf3 f5 3. Nxe5 Qf6 4. d4 d6 5. Nc4 fxe4 6. Ne3 Nc6 7. d5
Ne5 8. Be2 Qf7 9. Nd2 Nf6 10. c4 Be7 11. O-O O-O 12. f3 {[%eval 31,0]
*Turnierbuch,} exf3 {*Turnierbuch; -21} 13. Nxf3 Qg6 14. Nh4 Qf7 15. Nef5 Qe8
16. Bg5 {a tempo} Bd8 17. Qd4 c5 18. Qd1 Nf7 19. Bf4 {[%eval -74,0]} g5 20.
Nxd6 {[%eval -37,0] a tempo;} Nxd6 {-29} 21. Bxd6 {[%eval 34,0] a tempo} Qe3+
22. Kh1 {[%eval 105,0]} gxh4 23. Bxf8 {a tempo} Kxf8 24. Qd3 Qxd3 25. Bxd3 Kg7
26. Rae1 h3 {a tempo} 27. gxh3 Bxh3 {a tempo} 28. Rf3 Bd7 {a tempo} 29. Rg1+
Kh8 {a tempo} 30. Rgf1 {[%eval 39,0]} Kg7 {-24} 31. h3 Rc8 32. Rg1+ Kh8 33. b3
a6 34. Bc2 b5 35. Rgf1 {[%eval 0,0] a tempo;} Kg7 {[%emt 0:00:00]} 36. Rg3+ Kh6
37. Rgf3 Kg7 38. Kg2 {[%eval -9,0]} bxc4 39. bxc4 Rb8 40. Rg3+ Kh8 {[%emt 0:00:
20] a tempo;} 41. Rb3 Rxb3 {a tempo} 42. axb3 Kg7 43. Ra1 a5 44. Rg1 h5 45.
Kf2+ {[%eval 7,0]} Kf8 46. Kg3 h4+ 47. Kg2 Bc7 48. Rf1 Ke7 49. Re1+ Kf7 50. Rf1
{[%eval 0,0]} Be5 {[%emt 0:00:15]} 51. Bf5 Bxf5 52. Rxf5 Bd6 53. Rf1 Bg3 {a
tempo} 54. Ra1 Bc7 55. Re1 Bg3 56. Re6 Nh5 {a tempo} 57. Rc6 Nf4+ 58. Kf3 Nxh3
59. Rxc5 Ng5+ {a tempo} 60. Kg4 {[%eval 40,0]} h3 {[%emt 0:00:00]} 61. Rxa5 h2
62. Ra1 Be5 63. Re1 Ne4 64. Kf3 {[%eval 96,0]} Ng3 65. Kg2 {[%eval 128,0]}
h1=Q+ 66. Rxh1 Nxh1 67. Kxh1 1/2-1/2

[Event "Mephisto Cup (40/120')"]
[Site "?"]
[Date "2012.??.??"]
[Round "2"]
[White "Mephisto ARM6, Montreux"]
[Black "Mephisto ARM2, RISC 2.0."]
[Result "1-0"]
[WhiteElo "2250"]
[BlackElo "2241"]
[Annotator "xchessg"]
[PlyCount "68"]
[SourceDate "2009.11.09"]

{Aktiv} 1. d4 d5 2. c4 dxc4 3. Nf3 Nf6 4. Nc3 c6 5. e4 b5 6. e5 Nd5 7. a4 e6 8.
axb5 Nxc3 9. bxc3 cxb5 10. Ng5 Bb7 11. Qh5 g6 12. Qg4 Be7 13. Be2 Bd5 14. Bf3
b4 {[%eval 86,0] *Turnierbuch;} 15. h4 {*Turnierbuch; -50} h5 16. Qf4 Bxg5 17.
hxg5 bxc3 18. Ba3 Nc6 19. Bd6 {a tempo} c2 20. Bxd5 {-75} exd5 {[%eval 175,0]}
21. Kd2 Qb6 22. Bc5 {a tempo} Qb2 {[%eval 151,0]} 23. Rhc1 {[%emt 0:00:27]} Qb7
{[%eval 81,0]} 24. Qf6 Rh7 25. Rxc2 a5 {[%eval 45,0]} 26. Re1 Nd8 {[%eval -107,
0]} 27. e6 {363} Nxe6 {[%eval -245,0]} 28. Rxe6+ fxe6 {a tempo} 29. Qxe6+ Re7
30. Qxg6+ Kd8 31. Bxe7+ Qxe7 {a tempo} 32. Qg8+ Qe8 {a tempo} 33. Qxd5+ Ke7 34.
Rxc4 Qd8 {[%eval -733,0]} 1-0

[Event "Mephisto Cup (40/120')"]
[Site "?"]
[Date "2012.??.??"]
[Round "3"]
[White "Mephisto ARM2, RISC 2.0."]
[Black "Mephisto ARM6, Montreux"]
[Result "1-0"]
[WhiteElo "2241"]
[BlackElo "2250"]
[Annotator "xchessg"]
[PlyCount "86"]
[SourceDate "2009.11.09"]

1. e4 c5 {Aktiv} 2. Nf3 e6 3. d4 cxd4 4. Nxd4 Nf6 5. Nc3 Nc6 6. Nxc6 bxc6 7. e5
Nd5 8. Ne4 Qc7 9. f4 Qb6 10. Bd3 Ba6 11. a3 {[%eval 23,0] *Turnierbuch;} Be7
12. Bxa6 Qxa6 {[%emt 0:00:06] *Turnierbuch;} 13. Qd4 {a tempo} f5 14. exf6 gxf6
15. c4 c5 {a tempo} 16. Nxc5 {[%eval 31,0]} Bxc5 {[%emt 0:00:20]} 17. Qxc5 {a
tempo} Rc8 18. Qb5 Qxb5 19. cxb5 {a tempo} Rc2 20. O-O Kf7 21. Rf2 {[%eval -23,
0]} Rhc8 {[%emt 0:00:49]} 22. Rxc2 Rxc2 23. a4 e5 24. a5 Ke6 25. g4 exf4 26. b6
axb6 27. a6 Ke5 {a tempo} 28. b4 Nc7 29. a7 {a tempo} f5 30. gxf5 {[%eval -121,
0] a tempo;} Kxf5 {82} 31. Ba3 {a tempo} Na8 32. Rf1 Rc7 33. Bc1 Rxa7 34. Bxf4
Ke4 35. Bb8 {[%eval -46,0]} Ra4 {[%emt 0:00:53]} 36. Re1+ Kd5 37. Re7 Kc6 38.
Rxh7 {a tempo} Rxb4 39. Rh6+ Kb5 40. Rh5+ {[%eval -35,0]} Kc4 41. Rh4+ {[%eval
-9,0] abgebrochen;} Kb3 42. Rxb4+ Kxb4 {-109} 43. h4 {[%eval 613,0]} d5 {-755}
1-0

[Event "Mephisto Cup (40/120')"]
[Site "?"]
[Date "2012.??.??"]
[Round "4"]
[White "Mephisto ARM6, Montreux"]
[Black "Mephisto ARM2, RISC 2.0."]
[Result "0-1"]
[WhiteElo "2250"]
[BlackElo "2241"]
[Annotator "xchessg"]
[PlyCount "101"]
[SourceDate "2009.11.09"]

{Aktiv} 1. d4 d5 2. c4 c6 3. Nc3 e5 4. dxe5 d4 5. Ne4 Qa5+ 6. Bd2 Qxe5 {[%eval
-18,0] *Turnierbuch;} 7. Ng3 Bg4 8. h3 {*Turnierbuch; 67} Be6 9. Nf3 Qc5 {a
tempo} 10. b4 Qxc4 {[%eval -28,0]} 11. e4 d3 {a tempo} 12. Qb1 Qc2 13. Bxd3
Qxb1+ 14. Rxb1 {a tempo} Bxa2 15. Ra1 {65} Be6 {[%eval -7,0]} 16. Nd4 Nd7 17.
Nxe6 fxe6 18. Bc4 c5 {a tempo} 19. Bxe6 cxb4 20. Be3 {[%emt 0:00:46]} Nc5 {
[%eval 21,0]} 21. Bc4 a5 22. Bb5+ Kf7 23. Bc4+ Kg6 24. e5 {136} b6 {[%eval 46,
0]} 25. f4 h6 26. O-O Kh7 27. Rfb1 Rd8 28. Ne2 Rc8 29. Nd4 Ne7 30. f5 {[%emt 0:
00:59]} Nc6 {[%eval 40,0]} 31. Nxc6 Rxc6 {a tempo} 32. Bd5 Rc7 {a tempo} 33.
Kf1 Be7 34. Ke2 Bh4 35. Rd1 {-38} Bg3 {[%eval 79,0]} 36. e6 Rf8 37. Bxc5 Rxc5 {
a tempo} 38. Rac1 Rxc1 {a tempo} 39. Rxc1 Bh4 40. Bc6 {[%emt 0:00:01]} Bg5 41.
Rf1 Rc8 42. Ba4 {a tempo} Rc5 43. Bd7 b5 44. Be8 Kg8 45. Kd3 {-113} Bf6 {
[%eval 234,0]} 46. g4 b3 47. Bf7+ Kf8 48. h4 b2 {[%eval 442,0]} 49. Kd2 a4 50.
g5 {[%eval -464,0]} hxg5 {a tempo} 51. h5 {-783} 0-1

[Event "Mephisto Cup (40/120')"]
[Site "?"]
[Date "2012.??.??"]
[Round "5"]
[White "Mephisto ARM2, RISC 2.0."]
[Black "Mephisto ARM6, Montreux"]
[Result "1-0"]
[WhiteElo "2241"]
[BlackElo "2250"]
[Annotator "xchessg"]
[PlyCount "58"]
[SourceDate "2009.11.09"]

1. d4 d5 {Aktiv} 2. c4 Bf5 3. Nf3 Nf6 4. cxd5 {[%eval 25,0] *Turnierbuch;} Bxb1
5. Rxb1 Qxd5 6. a3 Nc6 {*Turnierbuch, -25} 7. Bf4 {a tempo} O-O-O 8. e3 Nh5 9.
Bg5 f6 10. Bh4 {[%eval -45,0]} g5 {[%emt 0:00:44]} 11. Bg3 Nxg3 12. hxg3 {a
tempo} e5 13. dxe5 {a tempo} Qe4 14. Qc1 Nxe5 15. Nxe5 {[%eval -27,0]} fxe5 {
[%emt 0:00:28]} 16. b4 Qg6 17. Rb2 Bg7 18. Rc2 c6 19. b5 Rd6 {a tempo} 20. Be2
{[%eval 26,0]} Kc7 {[%emt 0:00:06]} 21. Rc4 h6 22. Bf3 Rhd8 {a tempo} 23. bxc6
bxc6 24. O-O Rb8 25. Ra4 {[%eval 102,0]} Rb7 {-68} 26. Qc5 Kb8 27. Ra6 Rc7 28.
Be4 {[%eval 247,0]} Qxe4 {-274} 29. Qxd6 Qd5 {-324} 1-0

[Event "Mephisto Cup (40/120')"]
[Site "?"]
[Date "2012.??.??"]
[Round "6"]
[White "Mephisto ARM6, Montreux"]
[Black "Mephisto ARM2, RISC 2.0."]
[Result "1-0"]
[WhiteElo "2250"]
[BlackElo "2241"]
[Annotator "xchessg"]
[PlyCount "54"]
[SourceDate "2009.11.09"]

{Aktiv} 1. e4 c6 2. d4 d5 3. Nc3 dxe4 4. Nxe4 Bf5 5. Ng3 Bg6 6. N1e2 e6 7. Nf4
Bd6 8. Nxg6 hxg6 9. Ne4 Be7 10. g3 Nf6 11. Bg2 Nxe4 {[%eval 0,0] *Fullbook;}
12. Bxe4 e5 ({mit Agressiv als Einstellung wird hier gespielt:} 12... f5 $2)
13. Be3 {[%emt 0:00:55] Randombook,} Qa5+ 14. c3 Nd7 15. Qb3 {a tempo} f5 16.
Bg2 Qc7 {a tempo} 17. O-O a5 18. dxe5 {174} Nxe5 {[%eval -93,0]} 19. Bd4 Nd7
20. Bxg7 Nc5 {[%eval -256,0]} 21. Qc4 {a tempo; 333} b5 22. Qf4 {a tempo} Qxf4
{[%eval -299,0]} 23. gxf4 {a tempo} Kd7 24. Rad1+ Kc7 25. Be5+ Kb6 26. Bxh8
Rxh8 {a tempo} 27. Rfe1 Rh7 {[%eval -310,0]} 1-0

[Event "Mephisto Cup (40/120')"]
[Site "?"]
[Date "2012.??.??"]
[Round "7"]
[White "Mephisto ARM2, RISC 2.0."]
[Black "Mephisto ARM6, Montreux"]
[Result "0-1"]
[WhiteElo "2241"]
[BlackElo "2250"]
[Annotator "xchessg"]
[PlyCount "120"]
[SourceDate "2009.11.09"]

1. c4 e6 {Activ} 2. Nf3 d5 3. g3 Nf6 4. Bg2 Be7 5. O-O O-O 6. d4 c6 7. Qc2 b6
8. Nbd2 c5 {*Randombook; -28} 9. dxc5 {[%eval 10,0] *Grossbuch;} bxc5 10. e4
Nc6 11. cxd5 exd5 12. exd5 Nb4 {a tempo} 13. Qa4 Nfxd5 14. Ne5 Qc7 {a tempo}
15. Ndc4 {[%eval 17,0]} Bb7 16. Re1 {a tempo} f6 {-0.7} 17. Ng4 Nd3 18. Rd1 {
a tempo} N5b4 19. Bxb7 Qxb7 20. a3 {[%eval 44,0]} Nxc1 {-33} 21. Raxc1 Nc6 22.
Nd6 Bxd6 23. Rxd6 {a tempo} Nd4 24. Rxc5 {[%eval 0,0]} Nf3+ {-16} 25. Kg2 Ne1+
26. Kf1 Qh1+ 27. Ke2 {a tempo} Rfe8+ 28. Ne3 Qf3+ {a tempo} 29. Kxe1 {[%eval
19,0]} Rxe3+ {[%emt 0:00:07]} 30. fxe3 Qxe3+ {-07} 31. Kf1 Qxc5 {[%emt 0:00:00]
} 32. Rd7 Re8 33. Rxg7+ Kxg7 {a tempo} 34. Qxe8 Qc1+ 35. Qe1 Qxb2 {[%emt 0:00:
00] a tempo;} 36. Qe7+ Kg6 {a tempo} 37. Qxa7 Qxh2 38. Qa8 Qh3+ 39. Kf2 Qf5+
40. Kg1 {[%eval 14,0] "Time control - I lose - !;} Qc5+ {[%emt 0:00:00]} 41.
Kf1 Qe3 42. Qg8+ Kh6 {a tempo} 43. Qf8+ Kg6 {a tempo} 44. Qa8 Kf7 45. Kg2 Qe2+
46. Kg1 {a tempo} Qe1+ 47. Kh2 Qd2+ 48. Kh3 Qd7+ 49. Kh4 Qf5 50. g4 {[%eval 0,
0]} Qf2+ {[%emt 0:00:04]} 51. Kh3 {a tempo} Qe3+ 52. Kg2 Qe2+ 53. Kg3 Qe1+ 54.
Kf4 Qe5+ 55. Kf3 f5 {[%emt 0:00:11]} 56. a4 fxg4+ 57. Kxg4 Qd4+ 58. Kg3 Qd6+ {
a tempo} 59. Kg2 Qd2+ 60. Kf3 {[%eval 17,0]} Qd1+ {[%emt 0:00:00]} 0-1

[Event "Mephisto Cup (40/120')"]
[Site "?"]
[Date "2012.??.??"]
[Round "8"]
[White "Mephisto ARM6, Montreux"]
[Black "Mephisto ARM2, RISC 2.0."]
[Result "1/2-1/2"]
[WhiteElo "2250"]
[BlackElo "2241"]
[Annotator "xchessg"]
[PlyCount "77"]
[SourceDate "2009.11.09"]

{Aktiv} 1. e4 c5 2. Nf3 Nc6 3. d4 cxd4 4. Nxd4 Nf6 5. Nc3 d6 6. Bg5 e6 7. Qd2
a6 8. O-O-O h6 9. Bf4 Bd7 10. Nxc6 Bxc6 11. f3 d5 12. Qe1 Bb4 13. a3 Ba5 14.
Bd2 O-O 15. Qg3 {*Randombook; -24} Bc7 {*Grossbuch;0.13} 16. e5 {a tempo} Nd7
17. Bf4 Re8 18. Bd3 Kf8 19. h4 Qb8 20. Rhe1 {a tempo; -19} f6 {[%eval 69,0]}
21. Bg6 Re7 22. Kb1 Nxe5 23. Ne2 Nxg6 24. Bxc7 Qxc7 25. Qxg6 {-116} e5 {[%eval
83,0]} 26. Qh7 {-73} Rc8 27. Nf4 {-16} exf4 {[%eval 0,0]} 28. Qh8+ {[%emt 0:00:
00]} Kf7 {[%eval 115,0] a tempo;} 29. Rxe7+ Kxe7 {[%eval 0,0] a tempo;} 30.
Qxg7+ Kd8 {a tempo} 31. Qf8+ Kd7 32. Qf7+ Kd8 33. Qf8+ Kd7 34. Qf7+ Kd6 35.
Qxf6+ Kd7 {a tempo} 36. Qf7+ Kd6 37. Qf6+ Kc5 {a tempo} 38. Qd4+ Kd6 {a tempo}
39. Qf6+ 1/2-1/2

[Event "Mephisto Cup (40/120')"]
[Site "?"]
[Date "2012.??.??"]
[Round "9"]
[White "Mephisto ARM2, RISC 2.0."]
[Black "Mephisto ARM6, Montreux"]
[Result "0-1"]
[WhiteElo "2241"]
[BlackElo "2250"]
[Annotator "xchessg"]
[PlyCount "63"]
[SourceDate "2009.11.09"]

1. e4 c5 {Aktiv} 2. Nf3 Nc6 3. d4 cxd4 4. Nxd4 e5 5. Nb5 a6 6. Nd6+ Bxd6 7.
Qxd6 Qf6 8. Qa3 Nge7 9. Nc3 Rb8 10. Be3 b5 11. Nd5 Nxd5 12. exd5 b4 13. Qb3 {
[%eval 37,0] *Grossbuch,} Nd4 {Randombook; -54} 14. Bxd4 exd4 {a tempo} 15. Bc4
Qe7+ 16. Kf1 O-O 17. Re1 {a tempo} Qf6 18. Bd3 d6 19. h3 Bb7 20. Qxb4 {[%eval
17,0]} Bxd5 {[%emt 0:00:57]} 21. Qa3 {a tempo} Rfe8 22. Rd1 a5 23. Kg1 Qe5 24.
b3 Ba8 {a tempo} 25. Qb2 {[%eval -1,0]} Rbc8 26. a4 Rc3 27. b4 Qh5 28. f3 Bxf3
{422} 29. Rb1 {[%eval -281,0]} Bxg2 30. Rh2 {[%eval -383,0] a tempo;} Bxh3 31.
Qc1 {a tempo} Re3 {a tempo} 32. Qxe3 0-1

[Event "Mephisto Cup (40/120')"]
[Site "?"]
[Date "2012.??.??"]
[Round "10"]
[White "Mephisto ARM6, Montreux"]
[Black "Mephisto ARM2, RISC 2.0."]
[Result "1-0"]
[WhiteElo "2250"]
[BlackElo "2241"]
[Annotator "xchessg"]
[PlyCount "66"]
[SourceDate "2009.11.09"]

{Aktiv} 1. e4 c5 2. d4 cxd4 3. c3 dxc3 4. Nxc3 Nc6 5. Nf3 e6 6. Bc4 Qc7 7. Qe2
Nf6 8. O-O Ng4 9. Nb5 Qb8 10. h3 h5 11. g3 {[%emt 0:00:01] *Randombook;} a6 {
[%eval 33,0] *Grossbuch;} 12. Nbd4 {a tempo} b5 13. Nxc6 dxc6 {a tempo} 14. Bd3
Bc5 {[%eval 13,0]} 15. e5 {[%emt 0:00:51]} Nf6 {a tempo} 16. b4 Bb6 17. exf6 {
a tempo; 87} Qxg3+ {[%eval -23,0]} 18. Kh1 {a tempo} Qxh3+ 19. Nh2 {a tempo}
gxf6 20. Be3 {77} Bxe3 21. fxe3 {a tempo} Bb7 {[%eval -24,0]} 22. Rxf6 {a tempo
} c5+ 23. e4 {a tempo} c4 24. Bc2 Rd8 25. Raf1 Rf8 {[%eval -80,0] a tempo;} 26.
Qf2 {240} e5 27. Qc5 Rd7 28. R1f3 Qh4 {a tempo} 29. Qxe5+ Kd8 {a tempo} 30. Rf2
{301} Bc8 {-224} 31. Rf1 Rg8 32. Rxf7 Re8 {[%eval -321,0]} 33. Rf8 {724} Qe7 {
[%eval -655,0]} 1-0

[Event "Mephisto Cup (40/120')"]
[Site "?"]
[Date "2013.??.??"]
[Round "1"]
[White "Saitek Sparc, Renaissance"]
[Black "Mephisto ARM2, RISC 2.0."]
[Result "1/2-1/2"]
[WhiteElo "2246"]
[BlackElo "2241"]
[Annotator "xchessg"]
[PlyCount "130"]
[SourceDate "2009.11.09"]

{Stufe e7} 1. d4 d5 2. c4 c6 3. Nf3 Nf6 4. cxd5 cxd5 5. Bf4 Nc6 6. e3 Bg4 {
[%eval -7,0] *Grossbuch;} 7. Bb5 {[%eval 19,0] *Buch;} Rc8 8. Qb3 a6 9. Bxc6+
Rxc6 {a tempo} 10. Nc3 {[%eval -1,0]} Bxf3 {[%eval 18,0] a tempo;} 11. gxf3 b5
12. a4 b4 {a tempo} 13. Na2 e6 14. O-O Nh5 15. Bg3 {[%eval -6,0] a tempo;} Nxg3
{[%eval 15,0]} 16. fxg3 Bd6 {a tempo} 17. Rfc1 Rxc1+ 18. Rxc1 {a tempo} O-O 19.
Qc2 {a tempo} a5 20. f4 f6 {[%eval 21,0]} 21. b3 {[%eval -6,0]} Rf7 {a tempo}
22. Qc8 Rd7 23. Qxd8+ Rxd8 24. Rc6 Kf7 25. Nc1 {[%eval 8,0]} Ke7 {[%eval 22,0]}
26. Nd3 {a tempo} Ra8 27. Rc2 Ra7 28. Nc5 h5 29. Kf1 Rc7 30. Ke1 {[%eval -16,0]
} g6 {[%eval 27,0]} 31. Kd1 e5 32. Ke2 {a tempo} e4 33. Kd2 f5 34. Rc1 Rc6 35.
h3 Bc7 36. Rc2 Bb6 37. h4 {a tempo} Rc7 38. Na6 {a tempo} Rxc2+ {[%eval 235,0]}
39. Kxc2 {[%eval -182,0]} Kd7 40. Kd2 Kc6 41. Ke2 Kb7 42. Nxb4 $1 axb4 {a tempo
} 43. Kd2 Kc7 44. Kc1 Kc6 45. Kb1 Bc7 46. Kc2 Kd6 47. Kd1 Bb6 48. Kc1 Ke6 49.
Kd1 Kf6 50. Kc2 Bd8 51. Kd1 Ke6 52. Kd2 Kd7 53. Ke2 Bb6 54. Kd1 Ke6 55. Kc2 Kf6
56. Kd2 Bc7 57. Kc2 Ke7 58. Kd2 Kd7 59. Kd1 Ke6 60. Kc2 Ba5 61. Kc1 Ke7 62. Kc2
Bb6 63. Kd2 Bd8 64. Kd1 Kf7 65. Kc1 {[%eval -191,0]} Ba5 {[%eval 237,0]} (65...
g5 66. hxg5 (66. fxg5 Bc7 67. Kd2 Bxg3) 66... Kg6 67. Kd2 h4 68. gxh4 Kh5 69.
Ke1 Kxh4 $4 70. g6 Bf6 71. a5 $18) 1/2-1/2